| 000 | 00368nam a2200133Ia 4500 | ||
|---|---|---|---|
| 005 | 20260326235449.0 | ||
| 008 | 260326s9999||||xx |||||||||||||| ||und|| | ||
| 100 | _aStrakosch, George | ||
| 245 | 0 |
_aTransporte vertical : _b Ascensores y escaleras móviles / _cGeorge Strakosch |
|
| 260 | _bBoixareu Editores | ||
| 300 | _a409 p. | ||
| 650 | _aCONSTRUCCIÓN | ||
| 942 | _cBK | ||
| 999 |
_c7704 _d7704 |
||